00939 am a2200241 a 450000500170000000800410001702000150005804100080007309200180008111000210009924501050012025000110022526000380023630000110027450001440028559000890042965300210051865300240053993000080056394200120057199900130058395201010059620231221083506.0101006s1999||||ag d f |||| 000 0 spa d a9879675258 aspa c610.7l2sAFA1 aAFACIMERA.91378 aEducación Médica. Desafíos y tendencias. bT.5 Bases para el diseño curricular /cAFACIMERA. a1a ed. aBuenos Aires: bAFACIMERA;c1999. a107 p. aAFACIMERA. (1999) Educación médica. Desafíos y tendencias. T.5 Bases para el Diseño Curricular. (1a ed.). Buenos Aires : AFACIMERA. aAFACIMERA: Asociación de Facultades de Ciencias Medicas de la Republica Argentina. aCiencias Medicas aFormación docente a364 2ddccBK c912d912 00102ddc4070aBFMbBFMcCRd2011-09-02l0o610.7 2 AFAp364r2014-11-06tej.1w2011-09-02yBK